Lasker's manuel of chess / (Record no. 309)

MARC details
000 -LEADER
fixed length control field 01046cam a2200325 a 4500
005 - DATE AND TIME OF LATEST TRANSACTION
control field 20260322212014.0
008 - FIXED-LENGTH DATA ELEMENTS--GENERAL INFORMATION
fixed length control field data
010 ## - LIBRARY OF CONGRESS CONTROL NUMBER
LC control number 92162818
020 ## - INTERNATIONAL STANDARD BOOK NUMBER
International Standard Book Number 9781888690507
040 ## - CATALOGING SOURCE
Original cataloging agency DLC
Transcribing agency DLC
Modifying agency DLC
050 00 - LIBRARY OF CONGRESS CALL NUMBER
Classification number GV1445
Item number .L433 1991
082 00 - DEWEY DECIMAL CLASSIFICATION NUMBER
Classification number 794.1/2
Edition information 20
092 ## - LOCALLY ASSIGNED DEWEY CALL NUMBER (OCLC)
Classification number 794.1 L433 2006
001 - CONTROL NUMBER
control field data
100 1# - MAIN ENTRY--PERSONAL NAME
Personal name Lasker, Emanuel,
Dates associated with a name 1868-1941.
245 10 - TITLE STATEMENT
Title Lasker's manuel of chess /
Statement of responsibility, etc. Emanuel Lasker.
250 ## - EDITION STATEMENT
Edition statement 21st Century Edition.
260 ## - PUBLICATION, DISTRIBUTION, ETC.
Place of publication, distribution, etc. London :
Name of publisher, distributor, etc. Fitzhouse Books,
Date of publication, distribution, etc. 1991.
300 ## - PHYSICAL DESCRIPTION
Extent 277 p. :
Other physical details ill. ;
Dimensions 23 cm.
500 ## - GENERAL NOTE
General note "First published in Germany in 1925; First UK edition 1932"--T.p. verso.
500 ## - GENERAL NOTE
General note Cover title: Lasker's chess manual.
500 ## - GENERAL NOTE
General note Includes indexes.
650 #0 - SUBJECT ADDED ENTRY--TOPICAL TERM
Topical term or geographic name entry element Chess.
650 #0 - SUBJECT ADDED ENTRY--TOPICAL TERM
Topical term or geographic name entry element Chess
Form subdivision Collections of games.
740 0# - ADDED ENTRY--UNCONTROLLED RELATED/ANALYTICAL TITLE
Uncontrolled related/analytical title Lasker's chess manual.
906 ## - LOCAL DATA ELEMENT F, LDF (RLIN)
a 7
b cbc
c orignew
d 3
e ncip
f 19
g y-gencatlg
922 ## -
-- cf
991 ## -
-- c-GenColl
-- GV1445
-- .L433 1991
-- 00017129065
-- Copy 1
-- BOOKS
Holdings
Withdrawn status Lost status Damaged status Not for loan Home library Current library Shelving location Date acquired Total checkouts Full call number Barcode Date last seen Price effective from Koha item type
        Fairview Fairview General stacks 22/03/2026   794.1/2 20 BC0010318 22/03/2026 22/03/2026 Books